| 000 | 00670nam a2200217 a 4500 | ||
|---|---|---|---|
| 001 | 60690 | ||
| 003 | BD-RjUL | ||
| 005 | 20211209080854.0 | ||
| 008 | 140424t19581956mau b 000 0 san d | ||
| 035 | _a(BD-RjUL)60814 | ||
| 040 |
_aDLC _cBAT _dOCL _dBD-RjUL _beng |
||
| 041 | 0 | _aeng | |
| 082 | 0 | 4 |
_a294.5 _bPAN 1958 _223 |
| 100 | 1 | 0 |
_aHertel, Johannes _93385 |
| 245 | 0 | 4 |
_aThe Panchatantra : _btranslated form the sanskrit / _ctranslate by Arthur W. Ryder |
| 260 |
_aChicago : _bUniversity of chicagoPress, _c1956 [impression 1968] |
||
| 300 |
_avii, 470 p. ; _c21 cm. |
||
| 650 | 1 | 7 |
_aHindusim _998185 |
| 700 |
_aRyder, Arthur W. translate by _9180809 |
||
| 942 |
_2ddc _cBK |
||
| 999 |
_c60690 _d60690 |
||